000 00399nam a2200133Ia 4500
005 20260328101529.0
008 260328s9999||||xx |||||||||||||| ||und||
100 _aAlexander, Christopher
245 2 _aA Pattern Language/Un Lenguaje de Patrones :
_bCiudades,Edificios y contrucciones /
_cChristopher Alexander
260 _bGustavo Gili
300 _a1015 p.
650 _aDISEÑO URBANO
942 _cBK
999 _c9894
_d9894